=LDR 00000nam 2200000 4500 =001 001197 =005 20250710015203 =035 ##$$a 0010-0725000156 =007 ta =008 250710################a##########0#ind## =020 ##$$a 978-623-307-266-3 =082 ##$$a 398.209 598 =084 ##$$a 398.209 598 WER s =100 #$$a Werna, Mimi =245 1#$$a Sibuknya Matahari /$c Mimi Werna =250 ##$$a cetakan kedua =260 ##$$a Jakarta Timur :$b Badan Pengembangan dan Pembinaan Bahasa,$c 2024 =300 ##$$a 14 hlm. : $b Ilus. ; $c 29,7 cm =650 #4$$a cerita anak indonesia-terjemahan =650 #4$$a Literasi-Bahan Bacaan =856 ##$$a TBM As suhada